Largest city in each Wisconsin county - Statistics

General Stats
  • This quiz has been taken 30 times
  • The average score is 36 of 71
Answer Stats
County Pop. City % Correct
Milwaukee 592,025 Milwaukee
100%
Brown 104,879 Green Bay
96%
Kenosha 100,164 Kenosha
96%
Racine 77,432 Racine
96%
Dane 258,054 Madison
92%
Sheboygan 48,180 Sheboygan
92%
Eau Claire 68,866 Eau Claire
88%
La Crosse 51,567 La Crosse
88%
Waukesha 72,549 Waukesha
88%
Winnebago 66,729 Oshkosh
84%
Ashland 7,897 Ashland
80%
Fond du Lac 42,959 Fond du Lac
80%
Rock 64,565 Janesville
80%
Marathon 38,580 Wausau
76%
Outagamie 74,526 Appleton
72%
Manitowoc 32,627 Manitowoc
72%
Marinette 10,608 Marinette
72%
Columbia 10,437 Portage
72%
Douglas 26,101 Superior
72%
Florence 592 Florence
68%
Oconto 4,406 Oconto
68%
Chippewa 14,180 Chippewa Falls
64%
Shawano 8,922 Shawano
64%
Adams 1,895 Adams
60%
St. Croix 13,926 Hudson
60%
Portage 26,161 Stevens Point
60%
Menominee 4,433 Menominee
56%
Green 10,567 Monroe
56%
Oneida 7,632 Rhinelander
56%
Door 8,958 Sturgeon Bay
56%
Bayfield 2,047 Washburn
56%
Ozaukee 24,385 Mequon
52%
Sauk 12,142 Baraboo
48%
Dunn 16,540 Menomonie
48%
Grant 12,015 Platteville
48%
Crawford 5,665 Prairie du Chien
48%
Jefferson 23,625 Watertown
48%
Washington 31,590 West Bend
48%
Walworth 14,929 Whitewater
48%
Dodge 16,355 Beaver Dam
44%
Barron 8,370 Rice Lake
44%
Richland 4,959 Richland Center
44%
Pierce 15,951 River Falls
44%
Sawyer 2,301 Hayward
36%
Rusk 3,142 Ladysmith
36%
Lincoln 9,085 Merrill
36%
Monroe 9,791 Sparta
36%
Kewaunee 3,045 Algoma
32%
Langlade 7,819 Antigo
32%
Vilas 1,530 Eagle River
32%
Wood 18,311 Marshfield
32%
Waupaca 7,137 New London
32%
Vernon 4,370 Viroqua
32%
Forest 1,836 Crandon
28%
Iron 1,438 Hurley
28%
Taylor 3,791 Medford
28%
Washburn 2,609 Spooner
28%
Jackson 3,471 Black River Falls
24%
Calumet 3,791 Chilton
24%
Iowa 4,615 Dodgeville
24%
Burnett 1,341 Grantsburg
24%
Clark 2,396 Neillsville
24%
Price 2,237 Park Falls
24%
Green Lake/Waushara 5,416 Berlin
20%
Pepin 1,823 Durand
20%
Trempealeau 3,033 Arcadia
16%
Lafayette 2,337 Darlington
16%
Juneau 4,318 Mauston
16%
Buffalo 2,585 Mondovi
12%
Marquette 1,464 Montello
8%
Polk 2,807 Amery
0%
No matching quizzes found
Score Distribution
Percent of People with Each Score
Percentile by Number Answered
Your Score History
You have not taken this quiz